00521nam a22001097a 4500040000800000082002600008100003700034245027400071260002600345300002700371856001300398 cRUA aAGR KHO 2015 B521 Or. aKHON YAN; ខុន យ៉ាន aCashew nut production of household in Prek prasap Distrarict, Kratie province; ផលិតកម្មស្វាយចន្ទីជាលក្ខណៈគ្រួសារនៅស្រុកព្រែកប្រសព្វ ខេត្តក្រចេះ aPhnom PenhbRUAc2015 axii; 46p;bill;c29cm; uKHON YAN